| 000 | 00534nam a2200157Ia 4500 | ||
|---|---|---|---|
| 008 | 230907s9999||||xx |||||||||||||| ||und|| | ||
| 082 |
_a621.3 _bJUN |
||
| 100 |
_aM Junaid Afzal (00000172854) _9116415 |
||
| 245 | 0 | _aPerformance Evaluation of Loop Configured Microgrid with Distributed Generations (DGs) and FACTS Devices / | |
| 260 |
_aUSPCAS-E, NUST, _bIslamabad : _c2018 |
||
| 300 | _a78 p. | ||
| 520 | _aTH-122 | ||
| 650 |
_aMS-EEP Thesis MS Thesis _9116416 |
||
| 700 |
_aDr Syed Ali Abbas Kazmi _9117439 |
||
| 942 |
_cTHE _2ddc |
||
| 999 |
_c601801 _d601801 |
||